| 000 | 00417nam a22001697a 4500 | ||
|---|---|---|---|
| 003 | OSt | ||
| 005 | 20220301151923.0 | ||
| 008 | 220301b |||||||| |||| 00| 0 eng d | ||
| 020 | _a0894262025 | ||
| 040 | _cHU | ||
| 082 | _a658.835 | ||
| 100 |
_aLarreche Claude jean _931907 |
||
| 245 | _aMARKOPS THESIMULATION FOR MARKETING TRAINING | ||
| 260 |
_aAmerica _blondon _c1988 |
||
| 300 | _a181 | ||
| 942 |
_2ddc _cBOOKS _n0 |
||
| 999 |
_c31977 _d31977 |
||